000 00875nam a22002537a 4500
001 6347
003 FISKH
005 20250423104152.0
008 250423b cb ||||| |||| 00| 0 eng d
020 _a9781842367650
040 _aFISKH
_beng
_cFISKH
_dFISKH
050 _aQP37 .P285
082 _a612
100 _aParker, Steve
245 _aThe human body :
_bProjects, quizzes, fun facts, cartoons /
_cSteve Parker ; Consultant : Dr. Kristina Routh MB Chb
260 _aSan Diego :
_bMiles Kelly Publishing,
_c2003.
300 _a48 pages :
_bcolor illustrations ;
_c30 cm
490 _a100 facts
520 _aProvides one hundred facts about the systems of the human body, and includes illustrations, cartoons, and quizzes.
650 _aHuman Body
_vBalance Coordination
700 _aRouth, Kristina
_eConsultor
942 _2ddc
_cBK
_n0
999 _c6347
_d6347